[Event "Palma de Mallorca Arenal op"]
[Site "Palma de Mallorca"]
[Date "2016.10.23"]
[Round "6"]
[White "Mierins, Guntars"]
[Black "Perez Prieto, German"]
[Result "0-1"]
[WhiteElo "1402"]
[BlackElo "1823"]
[PlyCount "48"]
[EventDate "2016.10.20"]
[EventType "swiss"]
[EventRounds "7"]
[EventCountry "ESP"]
[SourceTitle "EXT 2018"]
[Source "ChessBase"]
[SourceDate "2017.10.13"]
[SourceVersion "1"]
[SourceVersionDate "2017.10.13"]
[SourceQuality "1"]

1. e4 c5 2. Nc3 e6 3. g3 Nc6 4. Bg2 a6 5. d3 Be7 6. f4 d6 7. Nf3 h5 8. h4 Bd7 9. 0-0 Nh6 10. Bh3 Ng4 11. Bxg4 hxg4 12. Nh2 Bxh4 13. Qxg4 Bf6 14. f5 Bd4+ 15. Kg2 Ne5 16. Qxg7 Rxh2+ 17. Kxh2 Nf3+ 18. Rxf3 Bxg7 19. Kg2 exf5 20. exf5 Bc6 21. Ne4 Bxe4 22. dxe4 Qe7 23. Bf4 Be5 24. Rh1 0-0-0 0-1

[Event "Palma de Mallorca Arenal op"]
[Site "Palma de Mallorca"]
[Date "2016.10.23"]
[Round "7"]
[White "Ramis Sebastia, Jordi Salvador"]
[Black "Perez Prieto, German"]
[Result "0-1"]
[WhiteElo "1582"]
[BlackElo "1823"]
[PlyCount "56"]
[EventDate "2016.10.20"]
[EventType "swiss"]
[EventRounds "7"]
[EventCountry "ESP"]
[SourceTitle "EXT 2018"]
[Source "ChessBase"]
[SourceDate "2017.10.13"]
[SourceVersion "1"]
[SourceVersionDate "2017.10.13"]
[SourceQuality "1"]

1. d4 Nf6 2. c4 c5 3. d5 d6 4. g3 e6 5. Bg2 exd5 6. cxd5 g6 7. e4 Bg7 8. Ne2 b5 9. 0-0 Nbd7 10. Qc2 0-0 11. a4 b4 12. Ra2 Rb8 13. b3 Ba6 14. Re1 Qc7 15. Nd2 Ne5 16. Nd4 Bd3 17. Qd1 cxd4 18. f4 Ned7 19. Nc4 Bxc4 20. Rc2 Bxb3 21. Rxc7 Bxd1 22. Rxd1 b3 23. Bb2 Rfc8 24. Rdc1 Nc5 25. Rxa7 Nfxe4 26. Bf1 d3 27. Bxg7 Kxg7 28. Re7 b2 0-1

[Event "Palmanova Blau Escacs op 1st"]
[Site "Palmanova"]
[Date "2015.04.14"]
[Round "4"]
[White "Ramis Sebastia, Jordi Salvador"]
[Black "Perez Prieto, German"]
[Result "0-1"]
[WhiteElo "1626"]
[BlackElo "1863"]
[PlyCount "52"]
[EventDate "2015.04.11"]
[EventType "swiss"]
[EventRounds "9"]
[EventCountry "ESP"]
[SourceTitle "CBM 166 Extra"]
[Source "ChessBase"]
[SourceDate "2015.06.18"]
[SourceVersion "1"]
[SourceVersionDate "2015.06.18"]
[SourceQuality "1"]

1. d4 Nf6 2. c4 e6 3. Nc3 d5 4. Bg5 Be7 5. Nf3 0-0 6. e3 b6 7. Bd3 Bb7 8. 0-0 Nbd7 9. Rc1 c5 10. b3 Ne4 11. Bxe7 Qxe7 12. Nd2 f5 13. f3 Nxc3 14. Rxc3 cxd4 15. exd4 Qf6 16. Qe2 Qxd4+ 17. Rf2 Qxc3 18. Qxe6+ Rf7 19. Bxf5 Nc5 20. Bxh7+ Kf8 21. Qd6+ Re7 22. cxd5 Qf6 23. Qg3 Re1+ 24. Nf1 Ba6 25. Be4 Nxe4 26. fxe4 Rxf1+ 0-1

[Event "Palmanova Blau Escacs op 1st"]
[Site "Palmanova"]
[Date "2015.04.13"]
[Round "3"]
[White "Perez Prieto, German"]
[Black "Queirolo Perez, Manuel"]
[Result "0-1"]
[WhiteElo "1863"]
[BlackElo "2129"]
[PlyCount "70"]
[EventDate "2015.04.11"]
[EventType "swiss"]
[EventRounds "9"]
[EventCountry "ESP"]
[SourceTitle "CBM 166 Extra"]
[Source "ChessBase"]
[SourceDate "2015.06.18"]
[SourceVersion "1"]
[SourceVersionDate "2015.06.18"]
[SourceQuality "1"]

1. Nf3 c5 2. d4 cxd4 3. Nxd4 g6 4. e4 Bg7 5. Nc3 Nc6 6. Be3 a6 7. Be2 d6 8. 0-0 Bd7 9. f4 Nf6 10. Nxc6 Bxc6 11. Bf3 Qa5 12. e5 dxe5 13. Bxc6+ bxc6 14. Qf3 0-0 15. fxe5 Qxe5 16. Rae1 Qc7 17. Bc5 Rfe8 18. Ne4 Qe5 19. b4 Qb2 20. a3 Rad8 21. c3 Qa2 22. Nxf6+ Bxf6 23. Qxc6 Bxc3 24. Rxe7 Rxe7 25. Bxe7 Bd4+ 26. Kh1 Qe2 27. Rc1 Qxe7 28. Qxa6 Qh4 29. Qc4 Qh5 30. Rf1 Rd5 31. h3 Qe5 32. Rd1 Rd6 33. Rf1 Rf6 34. Rd1 Bb6 35. Qd5 Rf1+ 0-1

[Event "Calvia Amateur op 10th"]
[Site "Calvia"]
[Date "2013.10.05"]
[Round "1"]
[White "Diaz Nunez, Adolfo"]
[Black "Perez Prieto, German"]
[Result "1/2-1/2"]
[WhiteElo "2269"]
[BlackElo "1888"]
[PlyCount "102"]
[EventDate "2013.10.05"]
[EventType "swiss"]
[EventRounds "9"]
[EventCountry "ESP"]
[SourceTitle "EXT 2014"]
[Source "ChessBase"]
[SourceDate "2013.11.20"]
[SourceVersion "1"]
[SourceVersionDate "2013.11.20"]
[SourceQuality "1"]

1. Nf3 d5 2. d4 Nf6 3. c4 e6 4. g3 c5 5. cxd5 exd5 6. Bg2 Nc6 7. Nc3 Be7 8. 0-0 0-0 9. Bg5 cxd4 10. Nxd4 Be6 11. Nxe6 fxe6 12. Qb3 Na5 13. Qb5 a6 14. Qd3 Rc8 15. Rac1 b5 16. Bh3 Rc6 17. Nb1 Rxc1 18. Bxe6+ Kh8 19. Bxc1 Bc5 20. Nc3 Qb6 21. Bh3 Nc4 22. Nxd5 Nxd5 23. Qxd5 Rxf2 24. Rxf2 Bxf2+ 25. Kf1 g6 26. Qf3 Bc5 27. Bg5 Kg7 28. b3 Ne3+ 29. Bxe3 Bxe3 30. Bc8 a5 31. Qb7+ Qxb7 32. Bxb7 b4 33. Kg2 Kf6 34. Kf3 Bg1 35. e3 g5 36. Ba8 Ke5 37. h3 h6 38. Ke2 Kd6 39. Bb7 Kc7 40. Ba8 Kd6 41. Kf3 Ke5 42. Bb7 Kf5 43. Be4+ Ke5 44. Bg6 Kf6 45. Be8 Ke5 46. Bc6 Kd6 47. Bb7 Ke5 48. Bc8 Kd5 49. Bf5 Ke5 50. Bc8 Kd5 51. Bb7+ Ke5 1/2-1/2

[Event "Palma de Mallorca op U2200"]
[Site "Palma de Mallorca"]
[Date "2013.01.17"]
[Round "6"]
[White "Jaume Pons, Antonio"]
[Black "Perez Prieto, German"]
[Result "0-1"]
[WhiteElo "1716"]
[BlackElo "1839"]
[PlyCount "64"]
[EventDate "2013.01.12"]
[EventType "swiss"]
[EventRounds "9"]
[EventCountry "ESP"]
[SourceTitle "EXT 2014"]
[Source "ChessBase"]
[SourceDate "2013.11.20"]
[SourceVersion "1"]
[SourceVersionDate "2013.11.20"]
[SourceQuality "1"]

1. e4 d5 2. exd5 Qxd5 3. Nc3 Qa5 4. d4 c6 5. Nf3 Nf6 6. Bd3 Bg4 7. Bd2 e6 8. h3 Bxf3 9. Qxf3 Nbd7 10. Ne4 Qb6 11. c3 Nxe4 12. Bxe4 Nf6 13. 0-0 Nxe4 14. Qxe4 Qxb2 15. Bg5 Qb5 16. h4 Qd5 17. Qe2 Bd6 18. Rfe1 0-0 19. Rad1 h6 20. c4 Qa5 21. Bd2 Qxa2 22. Qg4 Kh7 23. Qe4+ Kh8 24. c5 Be7 25. Qe5 Bf6 26. Qh5 Qd5 27. Qg4 Rfd8 28. Bc3 Rd7 29. Rd3 Qf5 30. Qg3 Bxh4 31. Qe3 Bxf2+ 32. Qxf2 Qxd3 0-1

[Event "Alcudia Belleuve"]
[Site "Alcudia"]
[Date "2012.10.19"]
[Round "6.28"]
[White "Perez Prieto, German"]
[Black "Abrines Sampol, Lorenzo"]
[Result "0-1"]
[WhiteElo "1872"]
[BlackElo "1707"]
[PlyCount "112"]
[EventDate "2012.10.14"]
[EventType "swiss"]
[EventRounds "9"]
[EventCountry "ESP"]
[SourceTitle "EXT 2024"]
[Source "ChessBase"]
[SourceDate "2023.10.10"]
[SourceVersion "1"]
[SourceVersionDate "2023.10.10"]
[SourceQuality "1"]

1. Nf3 d5 2. d4 Bf5 3. Bf4 e6 4. e3 Bd6 5. Ne5 Bxe5 6. Bxe5 f6 7. Bg3 Nd7 8. f4 Ne7 9. Bd3 0-0 10. Bh4 c5 11. g4 Bg6 12. c3 Qb6 13. b3 Rac8 14. Bxg6 Nxg6 15. Bf2 c4 16. b4 a5 17. Qa4 Qc7 18. b5 b6 19. Qc2 f5 20. h4 fxg4 21. h5 Nxf4 22. exf4 Qxf4 23. Rf1 Qh2 24. Qe2 g3 25. Bg1 Rxf1+ 26. Qxf1 Qb2 27. Qe2 Qc1+ 28. Qd1 Qf4 29. Nd2 Rf8 30. Qe2 e5 31. 0-0-0 e4 32. Rf1 Qd6 33. Kb2 Nf6 34. Be3 Qd7 35. a4 Qh3 36. h6 Ng4 37. Rxf8+ Kxf8 38. hxg7+ Kxg7 39. Bg1 h5 40. Qf1 Qxf1 41. Nxf1 h4 42. Kc2 e3 43. Kd1 Kg6 44. Ke2 Kf5 45. Kf3 e2 46. Kxe2 Ke4 47. Nd2+ Kf4 48. Nxc4 dxc4 49. d5 h3 50. d6 Ne5 51. Be3+ Ke4 52. Bd4 h2 53. Bxe5 h1Q 54. d7 Qf3+ 55. Ke1 Qe3+ 56. Kd1 Qd3+ 0-1

[Event "Alcudia Belleuve"]
[Site "Alcudia"]
[Date "2012.10.15"]
[Round "2.7"]
[White "Perez Prieto, German"]
[Black "Ponce Cano, Adrian"]
[Result "0-1"]
[WhiteElo "1872"]
[BlackElo "1958"]
[PlyCount "54"]
[EventDate "2012.10.14"]
[EventType "swiss"]
[EventRounds "9"]
[EventCountry "ESP"]
[SourceTitle "EXT 2024"]
[Source "ChessBase"]
[SourceDate "2023.10.10"]
[SourceVersion "1"]
[SourceVersionDate "2023.10.10"]
[SourceQuality "1"]

1. Nf3 d5 2. d4 e6 3. c3 c5 4. e3 Nf6 5. Bd3 Nc6 6. Nbd2 Be7 7. 0-0 0-0 8. Qe2 c4 9. Bc2 b5 10. e4 b4 11. e5 Nd7 12. Nxc4 dxc4 13. Qe4 g6 14. Qxc6 Nb6 15. Bh6 Re8 16. Qe4 Rb8 17. Qe2 bxc3 18. bxc3 Nd5 19. Qxc4 Rb6 20. Rfe1 Ba6 21. Qa4 Nxc3 22. Qxe8+ Qxe8 23. Bd2 Ne2+ 24. Kh1 Rb2 25. Bb3 Nxd4 26. Be3 Nxf3 27. gxf3 Qc6 0-1

[Event "Mallorca La Goleta U2200"]
[Site "Palma de Mallorca"]
[Date "2012.08.15"]
[Round "3"]
[White "Perez Prieto, German"]
[Black "Gaitan Moyano, Juan Jose"]
[Result "1-0"]
[WhiteElo "1890"]
[BlackElo "1874"]
[PlyCount "139"]
[EventDate "2012.08.10"]
[EventType "swiss"]
[EventRounds "7"]
[EventCountry "ESP"]
[SourceTitle "EXT 2014"]
[Source "ChessBase"]
[SourceDate "2013.11.20"]
[SourceVersion "1"]
[SourceVersionDate "2013.11.20"]
[SourceQuality "1"]

1. Nf3 d5 2. d4 Nf6 3. c3 e6 4. Bg5 Be7 5. e3 Nbd7 6. Nbd2 h6 7. Bh4 0-0 8. Bd3 Nh7 9. Bg3 f5 10. Ne5 Nxe5 11. Bxe5 Bd6 12. Nf3 Ng5 13. Bxd6 Nxf3+ 14. gxf3 Qxd6 15. f4 Bd7 16. Rg1 b5 17. Rc1 c5 18. Be2 c4 19. Bh5 b4 20. Qf3 bxc3 21. Rxc3 Rab8 22. Qg3 Qe7 23. Rc2 Ba4 24. Rd2 Rb7 25. f3 Be8 26. Bxe8 Rxe8 27. h4 Reb8 28. Rgg2 Kh8 29. Kf1 Qb4 30. Rc2 Qa4 31. a3 Qb3 32. Qf2 Rc7 33. Qd2 Rbc8 34. Qc3 Qxc3 35. Rxc3 Rb7 36. Rcc2 Rb3 37. Rge2 c3 38. e4 dxe4 39. fxe4 fxe4 40. Rxc3 Rbxc3 41. bxc3 Rxc3 42. Rxe4 Rxa3 43. Rxe6 Rf3+ 44. Ke2 Rxf4 45. d5 Kg8 46. d6 Rd4 47. Ke3 Rd5 48. Ke4 Rd1 49. Ke5 h5 50. Re7 a5 51. Re8+ Kf7 52. Re7+ Kf8 53. Ke6 Re1+ 54. Kd7 Rd1 55. Kc6 a4 56. Ra7 Rc1+ 57. Kd5 Rd1+ 58. Kc6 Rc1+ 59. Kd7 Rc4 60. Rc7 Rxh4 61. Kc8 Rd4 62. d7 a3 63. d8Q+ Rxd8+ 64. Kxd8 g5 65. Ra7 a2 66. Rxa2 Kg7 67. Ke7 Kg6 68. Ke6 g4 69. Ke5 Kg5 70. Ke4 1-0

[Event "Mallorca-chT Primera"]
[Site "Palma de Mallorca"]
[Date "2012.01.28"]
[Round "1.2"]
[White "Perez Prieto, German"]
[Black "Navarro Gil, Ricardo"]
[Result "1-0"]
[WhiteElo "1897"]
[BlackElo "1861"]
[PlyCount "51"]
[EventDate "2012.01.28"]
[EventType "team"]
[EventRounds "9"]
[EventCountry "ESP"]
[SourceTitle "EXT 2014"]
[Source "ChessBase"]
[SourceDate "2013.11.20"]
[SourceVersion "1"]
[SourceVersionDate "2013.11.20"]
[SourceQuality "1"]

1. Nf3 d5 2. d4 Bg4 3. Ne5 Bf5 4. Bf4 e6 5. h4 h5 6. e3 Bd6 7. Bd3 Bxd3 8. Qxd3 Nd7 9. Qb5 Rb8 10. Nd2 a6 11. Qa4 Ne7 12. Ndf3 f6 13. Nd3 Ng6 14. c3 Qc8 15. Rh3 Nxf4 16. exf4 b5 17. Qc2 Kf7 18. Rg3 Rg8 19. Kf1 g6 20. Re1 c5 21. Qd2 c4 22. Nc1 Qc7 23. Ne2 b4 24. Ne5+ fxe5 25. fxe5 Bf8 26. Qg5 1-0

[Event "Mallorca-chA"]
[Site "Palma de Mallorca"]
[Date "2011.12.10"]
[Round "7"]
[White "Perez Prieto, German"]
[Black "Sabater Moner, Guillermo"]
[Result "0-1"]
[WhiteElo "1919"]
[BlackElo "2151"]
[PlyCount "84"]
[EventDate "2011.10.29"]
[EventType "swiss"]
[EventRounds "8"]
[EventCountry "ESP"]
[SourceTitle "EXT 2014"]
[Source "ChessBase"]
[SourceDate "2013.11.20"]
[SourceVersion "1"]
[SourceVersionDate "2013.11.20"]
[SourceQuality "1"]

1. Nf3 Nf6 2. d4 g6 3. Bf4 Bg7 4. Nc3 d6 5. h3 0-0 6. e4 Nbd7 7. Qd2 c5 8. Bh6 cxd4 9. Nxd4 Nc5 10. Bxg7 Kxg7 11. f3 a6 12. g4 Qb6 13. 0-0-0 Qa5 14. h4 h5 15. gxh5 Nxh5 16. Nf5+ Bxf5 17. exf5 Ng3 18. Rg1 Nxf5 19. Bh3 Ne6 20. h5 Rh8 21. Bxf5 Qxf5 22. hxg6 fxg6 23. Nd5 Rae8 24. Rg2 Rh5 25. f4 Kf7 26. c4 Rc8 27. b3 b5 28. Ne3 Qf6 29. Kb1 bxc4 30. Nxc4 Nc5 31. Rg5 Rxg5 32. fxg5 Qf5+ 33. Ka1 Rh8 34. Qg2 Qe4 35. Rf1+ Ke8 36. Qf2 Rh1 37. Qf7+ Kd7 38. Kb2 Qe2+ 39. Ka3 Rxf1 40. Nb6+ Kc6 41. Qe8+ Kxb6 42. Qb8+ Nb7 0-1

[Event "Mallorca-chA"]
[Site "Palma de Mallorca"]
[Date "2011.11.05"]
[Round "2"]
[White "Navarrete Solano, Jorge Jose"]
[Black "Perez Prieto, German"]
[Result "1-0"]
[WhiteElo "2055"]
[BlackElo "1919"]
[PlyCount "75"]
[EventDate "2011.10.29"]
[EventType "swiss"]
[EventRounds "8"]
[EventCountry "ESP"]
[SourceTitle "EXT 2014"]
[Source "ChessBase"]
[SourceDate "2013.11.20"]
[SourceVersion "1"]
[SourceVersionDate "2013.11.20"]
[SourceQuality "1"]

1. Nf3 Nf6 2. c4 e6 3. Nc3 d5 4. d4 c5 5. cxd5 exd5 6. dxc5 Bxc5 7. e3 0-0 8. Be2 Nc6 9. 0-0 a6 10. b3 d4 11. exd4 Nxd4 12. Bb2 Nxe2+ 13. Qxe2 Bg4 14. Ne4 Nxe4 15. Qxe4 Bxf3 16. Qxf3 Qb6 17. Rac1 Rfd8 18. Rc4 Bf8 19. Rg4 Qe6 20. Re4 Qg6 21. Rg4 Qe6 22. Re4 Qg6 23. Qe2 Rac8 24. Re1 Qc6 25. Rc4 Qg6 26. Re4 Qc6 27. Rc4 Qg6 28. Re4 Qc6 29. Rc4 Qg6 30. g3 Rxc4 31. Qxc4 Qd3 32. Qxd3 Rxd3 33. Re8 f6 34. Ba3 Kf7 35. Rxf8+ Kg6 36. Rb8 Rd2 37. Rxb7 Rxa2 38. Bf8 1-0

[Event "Calvia Amateur op 6th"]
[Site "Calvia"]
[Date "2009.10.13"]
[Round "4"]
[White "Perez Prieto, German"]
[Black "Karlsson, Jorgen"]
[Result "1/2-1/2"]
[WhiteElo "1976"]
[BlackElo "2160"]
[PlyCount "80"]
[EventDate "2009.10.10"]
[EventType "swiss"]
[EventRounds "9"]
[EventCountry "ESP"]
[SourceTitle "CBM 132 Extra"]
[Source "ChessBase"]
[SourceDate "2009.11.03"]
[SourceVersion "1"]
[SourceVersionDate "2009.11.03"]
[SourceQuality "1"]

1. e4 g6 2. d4 Bg7 3. Nf3 d6 4. h3 c5 5. Bc4 cxd4 6. Nxd4 Nf6 7. Nc3 0-0 8. Bb3 a6 9. Be3 b5 10. a3 Bb7 11. f3 Nbd7 12. Qd2 Rc8 13. g4 Ne5 14. h4 Rxc3 15. bxc3 Nxf3+ 16. Nxf3 Nxe4 17. Qd3 Bxc3+ 18. Ke2 Bxa1 19. Rxa1 Qd7 20. Rg1 d5 21. h5 Qd6 22. Qd4 Rc8 23. hxg6 Qxg6 24. Ne5 Qe6 25. Qxe4 dxe4 26. Bxe6 fxe6 27. Bd4 Rxc2+ 28. Ke3 Rc8 29. Rf1 Rf8 30. Rxf8+ Kxf8 31. Nd7+ Kf7 32. Nc5 Bc6 33. Nxa6 Kg6 34. Kf4 h5 35. gxh5+ Kxh5 36. Nc7 Kg6 37. Nxe6 e3 38. Bxe3 Kf6 39. Nd4 e5+ 40. Kg3 exd4 1/2-1/2

[Event "Calvia Amateur op 6th"]
[Site "Calvia"]
[Date "2009.10.10"]
[Round "1"]
[White "Gonzalez Arribas, Vidal Alejandro"]
[Black "Perez Prieto, German"]
[Result "1-0"]
[WhiteElo "2286"]
[BlackElo "1976"]
[PlyCount "77"]
[EventDate "2009.10.10"]
[EventType "swiss"]
[EventRounds "9"]
[EventCountry "ESP"]
[SourceTitle "CBM 132 Extra"]
[Source "ChessBase"]
[SourceDate "2009.11.03"]
[SourceVersion "1"]
[SourceVersionDate "2009.11.03"]
[SourceQuality "1"]

1. c4 Nf6 2. Nf3 g6 3. Nc3 Bg7 4. g3 d6 5. Bg2 0-0 6. d4 c5 7. 0-0 Nbd7 8. h3 Rb8 9. e4 e5 10. dxc5 Nxc5 11. Qe2 h6 12. Rd1 Ne8 13. Be3 b6 14. Qd2 Kh7 15. b4 Nb7 16. Rac1 Be6 17. c5 bxc5 18. bxc5 Qa5 19. c6 Nc5 20. Nd5 Qxd2 21. Nxd2 Bxd5 22. exd5 f5 23. Nc4 Na6 24. Rb1 Rxb1 25. Rxb1 Rf7 26. Rb7 Rc7 27. Bxa7 Bf8 28. Bf1 Rg7 29. Nxd6 Bxd6 30. Bxa6 Nc7 31. Bc4 g5 32. g4 Kg6 33. a4 h5 34. a5 hxg4 35. hxg4 e4 36. Bb8 fxg4 37. Bxc7 Rxc7 38. Rxc7 Bxc7 39. a6 1-0

[Event "Palma de Mallorca op 3rd"]
[Site "Palma de Mallorca"]
[Date "2008.12.13"]
[Round "8"]
[White "Perez Prieto, German"]
[Black "Hutchinson, Paul A"]
[Result "0-1"]
[WhiteElo "2009"]
[BlackElo "2213"]
[PlyCount "106"]
[EventDate "2008.12.06"]
[EventType "swiss"]
[EventRounds "9"]
[EventCountry "ESP"]
[SourceTitle "CBM 127 Extra"]
[Source "ChessBase"]
[SourceDate "2009.01.08"]
[SourceVersion "2"]
[SourceVersionDate "2009.01.28"]
[SourceQuality "1"]

1. Nf3 d5 2. d4 Nf6 3. Bg5 e6 4. e3 Be7 5. Nbd2 0-0 6. Bd3 Nbd7 7. 0-0 c5 8. c3 b6 9. Ne5 Bb7 10. f4 Re8 11. Qf3 g6 12. g4 Ne4 13. Nxe4 dxe4 14. Bxe4 Nxe5 15. fxe5 Bxe4 16. Bxe7 Bxf3 17. Bxd8 Bxg4 18. Bg5 h5 19. Rf4 Rac8 20. Raf1 Rc7 21. R1f2 Bd1 22. Rg2 Ba4 23. Bf6 Bb5 24. Rh4 Kh7 25. Rf2 Rd7 26. Rhf4 Rc8 27. Bg5 Kg8 28. Rd2 Kf8 29. Kf2 a5 30. Ke1 c4 31. e4 Re8 32. Bf6 Bc6 33. Kf2 b5 34. Ke3 Kg8 35. Rf1 Rb7 36. d5 exd5 37. exd5 Bd7 38. Kd4 Rc8 39. Rdf2 Bg4 40. d6 Be6 41. Rd1 b4 42. Rfd2 Kf8 43. Ke3 Rd7 44. cxb4 axb4 45. Rc1 Ra8 46. Kd4 Rxa2 47. Rxc4 Bxc4 48. Kxc4 Ra8 49. Kxb4 Rc8 50. Kb5 Rb7+ 51. Ka6 Rb3 52. Ka7 Rc4 53. Be7+ Kg8 0-1

[Event "Calvia Amateur op 5th"]
[Site "Calvia"]
[Date "2008.10.14"]
[Round "5"]
[White "Eriksson, Jorgen"]
[Black "Perez Prieto, German"]
[Result "1-0"]
[WhiteElo "2217"]
[BlackElo "2009"]
[PlyCount "68"]
[EventDate "2008.10.10"]
[EventType "swiss"]
[EventRounds "9"]
[EventCountry "ESP"]
[SourceTitle "CBM 126 Extra"]
[Source "ChessBase"]
[SourceDate "2008.11.05"]
[SourceVersion "1"]
[SourceVersionDate "2008.11.05"]
[SourceQuality "1"]

1. d4 Nf6 2. Bg5 e6 3. Nd2 c5 4. e3 cxd4 5. exd4 Be7 6. Ngf3 b6 7. Bd3 Bb7 8. 0-0 d6 9. Re1 Nbd7 10. a4 h6 11. Bh4 0-0 12. a5 bxa5 13. Nc4 Bxf3 14. Qxf3 d5 15. Nxa5 Qb6 16. c3 Bd6 17. Qe2 Rab8 18. b3 Qc7 19. Bg3 Bxg3 20. hxg3 Qxc3 21. Rec1 Qxd4 22. Nc6 Qb6 23. Nxb8 Rxb8 24. Ra6 Qd4 25. Ra4 Rb4 26. Rc8+ Nf8 27. Qc2 Rxa4 28. bxa4 e5 29. Qc5 Qxd3 30. Qxf8+ Kh7 31. Qxf7 Qd1+ 32. Kh2 Qg4 33. Rc7 h5 34. Qxf6 h4 1-0

[Event "Calvia op"]
[Site "Calvia"]
[Date "2006.10.19"]
[Round "9.13"]
[White "Perez Prieto, German"]
[Black "Vazquez Gonzalez, Jesus"]
[Result "0-1"]
[WhiteElo "2079"]
[BlackElo "2185"]
[PlyCount "85"]
[EventDate "2006.10.11"]
[EventType "swiss"]
[EventRounds "9"]
[EventCountry "ESP"]
[SourceTitle "EXT 2007"]
[Source "ChessBase"]
[SourceDate "2006.11.23"]
[SourceVersion "1"]
[SourceVersionDate "2006.11.23"]
[SourceQuality "1"]

1. f4 g6 2. Nf3 Bg7 3. g3 d6 4. Bg2 e5 5. fxe5 dxe5 6. 0-0 Nc6 7. d3 Nge7 8. e4 0-0 9. Be3 f5 10. Nc3 f4 11. gxf4 exf4 12. Bc5 Bg4 13. Qe1 b6 14. Bf2 Ne5 15. Nxe5 Bxe5 16. h3 Bh5 17. Bh1 Qd7 18. Kh2 Nc6 19. Rd1 Bxd1 20. Nxd1 Rae8 21. Bf3 Nd4 22. Bxd4 Qxd4 23. Nc3 c6 24. h4 Qb4 25. Nd1 Qa4 26. Qd2 Qxa2 27. d4 Rd8 28. c3 Qe6 29. Qe2 Bg7 30. Nf2 Qf6 31. Kh3 h5 32. Rg1 c5 33. d5 Rfe8 34. c4 Kh7 35. Nd3 Re7 36. Bxh5 gxh5 37. Qxh5+ Bh6 38. e5 Qf7 39. Qf3 Qf5+ 40. Kh2 Rg7 41. Re1 Rg4 42. Qe4 Qxe4 43. Rxe4 0-1

[Event "Binissalem op 17th"]
[Site "Binissalem"]
[Date "2004.10.09"]
[Round "9"]
[White "Ruiz Vinals, Matias"]
[Black "Perez Prieto, German"]
[Result "1-0"]
[WhiteElo "2044"]
[BlackElo "2064"]
[PlyCount "63"]
[EventDate "2004.10.02"]
[EventType "swiss"]
[EventRounds "9"]
[EventCountry "ESP"]
[SourceTitle "EXT 2006"]
[Source "ChessBase"]
[SourceDate "2005.11.24"]
[SourceVersion "1"]
[SourceVersionDate "2005.11.24"]
[SourceQuality "1"]

1. d4 Nf6 2. c4 e5 3. e3 e4 4. Ne2 d5 5. Nf4 c6 6. Nc3 Bd6 7. cxd5 Bxf4 8. exf4 cxd5 9. Be2 0-0 10. 0-0 Nc6 11. b3 Qb6 12. Be3 Qa5 13. Rc1 Rd8 14. f3 Bf5 15. g4 exf3 16. Bxf3 Ne4 17. Na4 Bc8 18. f5 Re8 19. Bf2 Nxf2 20. Rxf2 b6 21. Nc3 Ne7 22. Qd2 Bb7 23. Re2 Rac8 24. Kg2 b5 25. Qg5 f6 26. Qe3 Nxf5 27. Qxe8+ Rxe8 28. Rxe8+ Kf7 29. Rb8 Qc7 30. Rxb7 Ne3+ 31. Kf2 Nxg4+ 32. Ke2 1-0